| 000 | 00757nam a2200241 a 4500 | ||
|---|---|---|---|
| 005 | 20191224041604.0 | ||
| 008 | 140227t1999 txu||||gr|||| 00| 0 eng d | ||
| 040 |
_aCO-BoIAVH _cCO-BoIAVH |
||
| 041 | _aspa | ||
| 044 | _axxu | ||
| 082 | 0 | 4 |
_a333.72 _bU38c |
| 100 | 1 | _aChaves, Silvia | |
| 245 | 1 |
_aOrdenamiento territorial _biniciativa y participación en el nacimiento de una Ley |
|
| 260 |
_aArlington _bNature Conservancy _c1999 |
||
| 300 |
_a16 paginas. ; _c28 x 21 cm |
||
| 650 | 4 | _aOrdenamiento territorial | |
| 650 | 4 | _aLegislación | |
| 650 | 4 | _aCatastro | |
| 650 | 4 | _aTenencia de tierras | |
| 650 | 4 | _aAreas prioritarias de conservación | |
| 650 | 4 | _aUso del suelo | |
| 942 |
_cLIBRO _2ddc _01 |
||
| 999 |
_c1466 _d1466 |
||